Hojas en el viento: poemas
Gardado en:
| Autor Principal: | |
|---|---|
| Formato: | Libro |
| Idioma: | Undetermined |
| Publicado: |
San José, Costa Rica
Ediciones Guayacán
1993
|
| Materias: | |
| Etiquetas: |
Engadir etiqueta
Sen Etiquetas, Sexa o primeiro en etiquetar este rexistro!
|
MARC
| LEADER | 00000nam a2200000Ia 4500 | ||
|---|---|---|---|
| 008 | 170316s9999 xx 000 0 und d | ||
| 040 | |a cru BVZT | ||
| 090 | |a 868 M-20h | ||
| 100 | |a Mayorga, Eladir | ||
| 245 | |a Hojas en el viento: poemas | ||
| 260 | |a San José, Costa Rica | ||
| 260 | |b Ediciones Guayacán | ||
| 260 | |c 1993 | ||
| 300 | |a 46 páginas | ||
| 650 | |a LITERATURA COSTARRICENSE | ||
| 650 | |a POESÍA | ||
| 999 | |c 11315 |d 11315 | ||
| 942 | |c 15 D |h 868 M-20h |2 z | ||
